Unusual Place Names in the UK - Statistics

General Stats
  • This quiz has been taken 83 times
  • The average score is 4 of 20
Answer Stats
City % Correct
Westward {Ho!}, Devon
84%
Tiddly{wink}, Wiltshire
50%
Boggy {Bottom}, Hertfordshire
38%
Wet{wang}, East Riding of Yorkshire
29%
{Giggle}swick, North Yorkshire
28%
Rest and Be {Thankful}, Argyll
25%
{Crack}pot, North Yorkshire
22%
Nether {Wallop}, Hampshire
18%
{Shit}terton, Dorset
18%
Great & Little {Snoring}, Norfolk
17%
{Blubber}houses, North Yorkshire
14%
Wyre {Piddle}, Worcestershire
13%
Barton in the {Beans}, Leicestershire
11%
Once & Twice {Brew}ed
8%
{Bitch}field, Northumberland
7%
Matching {Tye}, Essex
7%
{Crap}stone, Devon
5%
Marsh {Gibbon}, Buckinghamshire
5%
{Curry} Mallett, Somerset
3%
Cocka{dilly}, Gloucestershire
1%
No matching quizzes found
Score Distribution
Percent of People with Each Score
Percentile by Number Answered
Your Score History
You have not taken this quiz